Альтернативні методи навчання іноземних мов (Запис № 284931)

МАРК-запис
000 -LEADER
fixed length control field 01374nam a22001577a 4500
041 ## - LANGUAGE CODE
Language code of text/sound track or separate title ukr
080 ## - UNIVERSAL DECIMAL CLASSIFICATION NUMBER
Universal Decimal Classification number 82
090 ## - LOCALLY ASSIGNED LC-TYPE CALL NUMBER (OCLC); LOCAL CALL NUMBER (OCLC)
Local cutter number (OCLC) ; Book number/undivided call number, CALL (RLIN) КУШ
100 ## - MAIN ENTRY--PERSONAL NAME
Personal name Кушнерик В. Ю.
245 ## - TITLE STATEMENT
Title Альтернативні методи навчання іноземних мов
260 ## - PUBLICATION, DISTRIBUTION, ETC. (IMPRINT)
Place of publication, distribution, etc Острог
Name of publisher, distributor, etc КАФ
Date of publication, distribution, etc 2012
300 ## - PHYSICAL DESCRIPTION
Extent 45
520 ## - SUMMARY, ETC.
Summary, etc ВСТУП<br/>РОЗДІЛ 1 РОЗВИТОК ПІДХОДІВ ДО ВИВЧЕННЯ ІНОЗЕМНИХ МОВ<br/>1.1 Пошуки альтернативного класичного типу навчання<br/>1.2 Основні методи вивчення іноземних мов у ХХ і ХХІ столітті<br/>РОЗДІЛ ІІ ОСОБЛИВОСТІ ВИВЧЕННЯ ІНОЗЕМНИХ МОВ ПРИ ВИКОРИСТАННІ НЕСТАНДАРТНИХ ТА АЛЬТЕРНАТИВНИХ ПІДХОДІВ<br/>2.1 Характеристика нестандратних форм навчання: переваги і недоліки<br/>2.2 Альтернативні технології навчання іноземних мов<br/>РОЗДІЛ ІІІ ДОСЛІДЖЕННЯ ВПЛИВУ АЛЬТЕРНАТИВНИХ МЕТОДІВ НАВЧАННЯ НА ПРОЦЕС ВИВЧЕННЯ ІНОЗЕМНОЇ МОВИ НА ПРИКЛАДІ ГРИ<br/>ВИСНОВКИ
-- Іноземні мови,гра
650 ## - SUBJECT ADDED ENTRY--TOPICAL TERM
Topical term or geographic name as entry element Research Papers
942 ## - ADDED ENTRY ELEMENTS (KOHA)
Koha item type Книги
Фонди
Withdrawn status Lost status Source of classification or shelving scheme Damaged status Not for loan Home library Current library Date acquired Source of acquisition Cost, normal purchase price Total Checkouts Full call number Barcode Date last seen Price effective from Koha item type
    Universal Decimal Classification     ВІЛ - Відділ іноземн. літератури НБ ВІЛ - Відділ іноземн. літератури НБ 18/09/2012 Акт №5 1.00   82 214974 09/11/2021 18/09/2012 Книги